[Event "8ème Open Maubuée Gondoire Echecs"]
[Site "?"]
[Date "2008.03.06"]
[Round "1.1"]
[White "Nguyen, Thanh-Tong"]
[Black "Amarger, Vincent"]
[Result "1-0"]
[WhiteElo "2343"]
[BlackElo "2049"]
[PlyCount "27"]
[EventDate "2008.??.??"]

1. d4 d6 2. Nf3 Nd7 3. c4 e5 4. Nc3 g6 5. g3 Bg7 6. Bg2 f5 7. dxe5 Nxe5 8. Qb3
Nc6 9. O-O Nf6 10. Rd1 Ne4 11. Nxe4 fxe4 12. Ng5 Qe7 13. Be3 Qf6 14. Rd2 1-0

[Event "8ème Open Maubuée Gondoire Echecs"]
[Site "?"]
[Date "2008.03.06"]
[Round "1.2"]
[White "Heuveline, Gregory"]
[Black "Toulzac, Pierre Yves"]
[Result "0-1"]
[WhiteElo "2034"]
[BlackElo "2309"]
[PlyCount "50"]
[EventDate "2008.??.??"]

1. d4 Nf6 2. Nf3 d6 3. c3 g6 4. Nbd2 Bg7 5. e4 O-O 6. e5 Nd5 7. Bc4 Nb6 8. Bb3
c5 9. dxc5 dxc5 10. Qe2 Bf5 11. Ne4 c4 12. Bxc4 Nxc4 13. Qxc4 Nc6 14. Bf4 Rc8
15. Qe2 Qd5 16. Ned2 Bd3 17. Qe3 Rfd8 18. Nb3 Qb5 19. Qc5 Qa4 20. Qe3 Ba6 21.
Nc5 Nb4 22. cxb4 Qxb4+ 23. Qc3 Qxf4 24. Rd1 Rxd1+ 25. Kxd1 b6 0-1

[Event "8ème Open Maubuée Gondoire Echecs"]
[Site "?"]
[Date "2008.03.06"]
[Round "1.3"]
[White "Rrihoua, Tarik"]
[Black "Garcia, Frederic"]
[Result "1-0"]
[WhiteElo "2310"]
[BlackElo "1995"]
[PlyCount "77"]
[EventDate "2008.??.??"]

1. d4 d5 2. Nf3 Nf6 3. g3 e6 4. Bg2 Nbd7 5. O-O Be7 6. b3 O-O 7. c4 c6 8. Nc3
Re8 9. Bb2 b6 10. Ne5 Bb7 11. e4 dxe4 12. Nxe4 Qc7 13. Ng5 Nxe5 14. dxe5 Nd7
15. f4 c5 16. Ne4 Rad8 17. Qg4 Bxe4 18. Bxe4 Bf8 19. Rae1 g6 20. h4 h5 21. Qf3
Bg7 22. g4 hxg4 23. Qxg4 Nf8 24. Re2 Rd7 25. Rh2 Red8 26. Bc3 Rd4 27. Bxd4 Rxd4
28. Qe2 Qd8 29. Kh1 f5 30. exf6 Qxf6 31. h5 gxh5 32. Rxh5 Ng6 33. Bxg6 Qxg6 34.
Rg1 Qf6 35. Rhg5 Rd7 36. f5 e5 37. Qh5 Qc6+ 38. R1g2 Kf8 39. Rxg7 1-0

[Event "8ème Open Maubuée Gondoire Echecs"]
[Site "?"]
[Date "2008.03.06"]
[Round "1.4"]
[White "Saliou, Jean Yves"]
[Black "Kirszenberg, Marc"]
[Result "0-1"]
[WhiteElo "1990"]
[BlackElo "2216"]
[PlyCount "110"]
[EventDate "2008.??.??"]

1. f4 d5 2. Nf3 Nf6 3. e3 Bf5 4. b3 e6 5. Bb2 Be7 6. Be2 h6 7. O-O O-O 8. Ne5
c5 9. d3 Nbd7 10. Nd2 Nxe5 11. Bxe5 Rc8 12. Kh1 b5 13. a4 b4 14. Rc1 Qb6 15.
Bf3 Rfd8 16. Qe1 Nd7 17. Bb2 Bf6 18. Bxf6 Nxf6 19. h3 Bh7 20. g4 Qc7 21. Qg3 g5
22. h4 d4 23. hxg5 hxg5 24. Ne4 Nxe4 25. Bxe4 Bxe4+ 26. dxe4 Kg7 27. Kg2 dxe3
28. Qxe3 Rh8 29. Kg3 Rh4 30. Rh1 Rxh1 31. Rxh1 gxf4+ 32. Qxf4 Qxf4+ 33. Kxf4 c4
34. Rh5 cxb3 35. cxb3 Rc3 36. Ra5 Rxb3 37. Rxa7 Ra3 38. a5 b3 39. Rb7 Kg6 40.
g5 Rxa5 41. Rxb3 Rxg5 42. Rb6 Rh5 43. Rb3 Kf6 44. Rg3 Ra5 45. Rh3 Ra4 46. Rd3
Ke7 47. Kf3 Kf6 48. Kf4 Kg6 49. Rg3+ Kf6 50. Rd3 {
Repetition 3 fois pas vue ! Dommage Jean Yves !} e5+ 51. Kf3 Kg5 52. Ke3 Ra1
53. Rd2 Ra3+ 54. Kf2 Kf4 55. Rd7 Rf3+ 0-1

[Event "8ème Open Maubuée Gondoire Echecs"]
[Site "?"]
[Date "2008.03.06"]
[Round "1.5"]
[White "Nuding, Matthias"]
[Black "Sainte Marie, Laurent"]
[Result "0-1"]
[WhiteElo "2181"]
[BlackElo "1974"]
[PlyCount "74"]
[EventDate "2008.??.??"]

1. Nf3 Nf6 2. c4 e6 3. g3 d5 4. Bg2 c6 5. Qc2 Be7 6. O-O O-O 7. d4 b5 8. cxb5
cxb5 9. Bf4 Bd7 10. Ne5 Na6 11. Nd2 Rc8 12. Qb3 Qa5 13. Ndf3 Rfd8 14. Rfd1 Be8
15. a3 Ne4 16. Nd2 Nd6 17. e4 dxe4 18. Nxe4 Nf5 19. d5 f6 20. Nf3 e5 21. Bd2
Qb6 22. Bh3 g6 23. g4 Rc4 24. gxf5 Rxe4 25. fxg6 Bc5 26. gxh7+ Kxh7 27. Bf5+
Bg6 28. Bxg6+ Kxg6 29. Be1 f5 30. Kf1 Rh8 31. d6 Kf6 32. Qd3 Bd4 33. Qd2 Rh5
34. d7 Nc5 35. Qc2 b4 36. axb4 Qb5+ 37. Kg2 Rg4+ 0-1

[Event "8ème Open Maubuée Gondoire Echecs"]
[Site "?"]
[Date "2008.03.06"]
[Round "1.6"]
[White "Silva, Francis"]
[Black "Clarac, Jean Marie"]
[Result "1/2-1/2"]
[WhiteElo "1973"]
[BlackElo "2159"]
[PlyCount "133"]
[EventDate "2008.??.??"]

1. d4 Nf6 2. Bg5 d5 3. Bxf6 exf6 4. e3 Be6 5. g3 c5 6. c3 Nc6 7. Bg2 cxd4 8.
cxd4 Bb4+ 9. Nc3 Bxc3+ 10. bxc3 O-O 11. Ne2 Na5 12. O-O Rc8 13. Qd3 Nc4 14. e4
Qa5 15. Rfb1 Nd6 16. f3 dxe4 17. fxe4 Bc4 18. Qd2 Bxe2 19. Qxe2 Qxc3 20. Rd1
Rc4 21. e5 fxe5 22. dxe5 Re8 23. exd6 Rxe2 24. d7 Re1+ 25. Rxe1 Qd4+ 26. Kh1
Qxd7 27. Rad1 Qc8 28. Bd5 Rc7 29. Rf1 g6 30. Rf2 Rc1 31. Bxf7+ Kg7 32. Rxc1
Qxc1+ 33. Kg2 Qc6+ 34. Kg1 Qc5 35. Bb3 a5 36. a4 b5 37. axb5 Qxb5 38. Ba2 Kh6
39. Kg2 Qc6+ 40. Kg1 Qe4 41. h3 Qe1+ 42. Kg2 Qd1 43. Kh2 Qd4 44. Kg2 g5 45. g4
a4 46. Bf7 Kg7 47. Ba2 a3 48. Rf7+ Kg6 49. Rf2 Qe4+ 50. Kg3 Qh1 51. Bf7+ Kg7
52. Ba2 Qg1+ 53. Rg2 Qe3+ 54. Kh2 Kf6 55. Bg8 Ke5 56. Ba2 Kd4 57. Bg8 h6 58.
Ba2 Qf4+ 59. Kg1 Ke3 60. Bg8 Qd4 61. Ba2 Kf3+ 62. Kh2 Qf4+ 63. Kg1 Qc1+ 64. Kh2
Ke3 65. Rg3+ Kd2 66. Rg2+ Kc3 67. Rf2 1/2-1/2

[Event "8ème Open Maubuée Gondoire Echecs"]
[Site "?"]
[Date "2008.03.06"]
[Round "1.7"]
[White "Colson, Arnaud"]
[Black "Baudry, Richard"]
[Result "1-0"]
[WhiteElo "2142"]
[BlackElo "1950"]
[PlyCount "59"]
[EventDate "2008.??.??"]

1. d4 Nf6 2. c4 g6 3. Nc3 Bg7 4. e4 d6 5. Nf3 O-O 6. Be2 e5 7. Be3 Ng4 8. Bg5
f6 9. Bh4 Nc6 10. d5 Ne7 11. Nd2 Nh6 12. f3 Nf7 13. O-O h5 14. b4 g5 15. Bf2 f5
16. c5 Ng6 17. exf5 Bxf5 18. Nde4 Nf4 19. Rc1 g4 20. fxg4 Nxe2+ 21. Qxe2 hxg4
22. Be3 Bd7 23. cxd6 cxd6 24. Nb5 Qe7 25. Nxa7 Bh6 26. Nf6+ Kh8 27. Rc7 Rad8
28. Rxb7 Ng5 29. Bxg5 Bxg5 30. Nc6 1-0

[Event "8ème Open Maubuée Gondoire Echecs"]
[Site "?"]
[Date "2008.03.06"]
[Round "1.8"]
[White "Le Ray, Olivier"]
[Black "You, Raymond"]
[Result "1/2-1/2"]
[WhiteElo "1924"]
[BlackElo "2130"]
[PlyCount "85"]
[EventDate "2008.??.??"]

1. e4 c5 2. Nf3 d6 3. d4 cxd4 4. Nxd4 Nf6 5. Nc3 a6 6. Be3 e5 7. Nb3 Be6 8. f3
Nbd7 9. g4 Be7 10. Qd2 O-O 11. O-O-O b5 12. g5 Nh5 13. Kb1 Nb6 14. Nd5 Nxd5 15.
exd5 Bf5 16. Na5 Re8 17. Nc6 Qc7 18. Bd3 Bd7 19. Nxe7+ Rxe7 20. Qf2 g6 21. f4
Nxf4 22. Bxf4 exf4 23. h4 Re5 24. h5 Bf5 25. hxg6 fxg6 26. Qxf4 Qe7 27. Qb4
Bxd3 28. Rxd3 Rxg5 29. a3 h5 30. Qd4 Rg4 31. Qb6 Rc4 32. Re3 Qd8 33. Qb7 Rc7
34. Qb6 Rf7 35. Qd4 Qf6 36. Qd2 Re7 37. Rxe7 Qxe7 38. Re1 Qf7 39. Re6 Kh7 40.
Qe2 Ra7 41. Rxd6 Rd7 42. Re6 Qf5 43. d6 1/2-1/2

[Event "8ème Open Maubuée Gondoire Echecs"]
[Site "Centre Social et Culturel Geor"]
[Date "2008.03.07"]
[Round "2.1"]
[White "Cochet, Caroline"]
[Black "Nguyen, Thanh-Tong"]
[Result "0-1"]
[WhiteElo "2066"]
[BlackElo "2343"]
[PlyCount "30"]

1. e4 c5 2. c4 Nc6 3. Ne2 g6 4. d3 Bg7 5. g3 a6 6. Nbc3 Rb8 7. Bg2 b5 8. O-O d6
9. f4 Nd4 10. Rb1 b4 11. Nd5 Bg4 12. Qa4+ Qd7 13. Qxd7+ Kxd7 14. Nxd4 Bxd4+ 15.
Be3 e6 0-1

[Event "8ème Open Maubuée Gondoire Echecs"]
[Site "Centre Social et Culturel Geor"]
[Date "2008.03.07"]
[Round "2.2"]
[White "Toulzac, Pierre-Yves"]
[Black "Colson, Arnaud"]
[Result "1-0"]
[WhiteElo "2309"]
[BlackElo "2142"]
[PlyCount "75"]

1. d4 d5 2. c4 c6 3. Nc3 Nf6 4. Nf3 a6 5. g3 b5 6. b3 Bf5 7. Bg2 e6 8. O-O h6
9. Ne5 Be7 10. f3 b4 11. e4 bxc3 12. exf5 exf5 13. c5 g6 14. Qc2 Qc8 15. Re1
Nbd7 16. Qxc3 Kf8 17. b4 Ne8 18. a4 Nxe5 19. dxe5 Ng7 20. Be3 Ne6 21. Rec1 Qd7
22. Bd4 Kg7 23. Rab1 Rhc8 24. Rb3 Rab8 25. Rcb1 Kh7 26. Kh1 h5 27. Bf1 Qa7 28.
Bg1 f4 29. gxf4 Nxf4 30. Qd2 Ne6 31. f4 a5 32. f5 gxf5 33. Bh3 Ng7 34. Rf1 Qd7
35. Rxf5 Nxf5 36. Rf3 Qc7 37. Bxf5+ Kg7 38. Rg3+ 1-0

[Event "8ème Open Maubuée Gondoire Echecs"]
[Site "Centre Social et Culturel Geor"]
[Date "2008.03.07"]
[Round "2.4"]
[White "Kirszenberg, Marc"]
[Black "Dourerassou, Cynthia"]
[Result "1-0"]
[WhiteElo "2216"]
[BlackElo "1901"]
[PlyCount "73"]

1. d4 Nf6 2. c4 g6 3. Nc3 Bg7 4. Nf3 d6 5. Bf4 O-O 6. h3 Nbd7 7. e3 c6 8. Be2
a6 9. a4 a5 10. O-O Qc7 11. Bh2 Ne8 12. c5 b6 13. cxd6 Nxd6 14. Rc1 Qd8 15. Qb3
Kh8 16. Rfd1 f6 17. Qa3 Nf7 18. e4 Qe8 19. d5 cxd5 20. Nxd5 Bh6 21. Nc7 Qd8 22.
Rc3 Ra7 23. Ne6 Qe8 24. Nxf8 Bxf8 25. Bb5 e5 26. Qb3 Nd6 27. Qd5 Nxb5 28. Qxb5
Bb4 29. Rc2 Qe7 30. Rxc8+ Kg7 31. Qc4 Nf8 32. g4 Ne6 33. h4 Bc5 34. g5 fxg5 35.
Bxe5+ Kh6 36. hxg5+ Nxg5 37. Bf4 1-0

[Event "8ème Open Maubuée Gondoire Echecs"]
[Site "Centre Social et Culturel Geor"]
[Date "2008.03.07"]
[Round "2.5"]
[White "Perez, Alexandre"]
[Black "Silva, Francis"]
[Result "0-1"]
[WhiteElo "1920"]
[BlackElo "1973"]
[PlyCount "102"]

1. d4 e6 2. c4 b6 3. Nc3 Bb4 4. Qc2 Bb7 5. e4 Qh4 6. Bd3 f5 7. g3 Qg4 8. f3 Qh5
9. Qd2 fxe4 10. Bxe4 Nc6 11. a3 Bxc3 12. Qxc3 Nf6 13. Bf4 Nxe4 14. fxe4 e5 15.
Be3 exd4 16. Bxd4 Nxd4 17. Qxd4 O-O 18. Ne2 Qf3 19. Kd2 Rae8 20. Rhf1 Qxe4 21.
Rxf8+ Kxf8 22. Rf1+ Kg8 23. Qxe4 Rxe4 24. Kd3 d5 25. b3 dxc4+ 26. bxc4 Re7 27.
Nd4 c5 28. Ne2 Be4+ 29. Kc3 Bg2 30. Rf2 Bc6 31. Nf4 Re3+ 32. Kb2 g6 33. Rd2 Re7
34. Rd6 Bb7 35. Kc3 Kf7 36. Kd3 Be4+ 37. Ke3 g5 38. Ne2 Bd5+ 39. Kd3 Bxc4+ 40.
Kxc4 Rxe2 41. Rd7+ Re7 42. Rd5 Kg6 43. a4 Re4+ 44. Kb5 Rb4+ 45. Kc6 Rxa4 46.
Kb5 Rb4+ 47. Ka6 c4 48. Kxa7 c3 49. Rd1 c2 50. Rc1 Rb2 51. Kb7 b5 0-1

[Event "8ème Open Maubuée Gondoire Echecs"]
[Site "Centre Social et Culturel Geor"]
[Date "2008.03.07"]
[Round "2.6"]
[White "Clarac, Jean-Marie"]
[Black "Le Ray, Olivier"]
[Result "1-0"]
[WhiteElo "2159"]
[BlackElo "1924"]
[PlyCount "91"]

1. c4 d6 2. g3 e5 3. Bg2 f5 4. d4 Nc6 5. dxe5 Nxe5 6. Nc3 c6 7. b3 Nf6 8. Nh3
Be7 9. O-O Qc7 10. Bb2 Be6 11. Rc1 Qb6 12. Qc2 O-O 13. Nf4 Bd7 14. Rfd1 Rad8
15. Ba3 Bc8 16. c5 dxc5 17. Na4 Qc7 18. Nxc5 Bxc5 19. Bxc5 Rfe8 20. Ba3 a6 21.
h3 Rxd1+ 22. Rxd1 Rd8 23. Nd5 Nxd5 24. Rxd5 Kh8 25. Qc5 Nf7 26. Bb2 h6 27. Rxf5
Bxf5 28. Qxf5 Qd7 29. Qg6 Nd6 30. Qxh6+ Kg8 31. Qg6 Qf7 32. Qg5 Re8 33. Bf3 Ne4
34. Qh4 Qf5 35. Bd4 Ng5 36. Bg4 Qb1+ 37. Kg2 Qe4+ 38. Kg1 Qxd4 39. Qxg5 Qa1+
40. Kh2 Qf1 41. Qf4 Qb1 42. Qc4+ Kh8 43. Qf7 Re5 44. Qf8+ Kh7 45. Qf4 Qe4 46.
Qxe4+ 1-0

[Event "8ème Open Maubuée Gondoire Echecs"]
[Site "Centre Social et Culturel Geor"]
[Date "2008.03.07"]
[Round "2.7"]
[White "You, Raymond"]
[Black "Nuding, Matthias"]
[Result "1-0"]
[WhiteElo "2130"]
[BlackElo "2181"]
[PlyCount "53"]

1. d4 Nf6 2. Nf3 e6 3. Bg5 d5 4. e3 Be7 5. Bd3 Nbd7 6. O-O c5 7. c3 O-O 8. Nbd2
b6 9. Ne5 Bb7 10. f4 Ne4 11. Bxe7 Qxe7 12. Nxe4 dxe4 13. Bc4 cxd4 14. exd4 Bd5
15. Bb5 Nf6 16. Qe2 Rac8 17. f5 Rc7 18. Rf4 exf5 19. Rxf5 Qe6 20. Raf1 Ne8 21.
c4 Bb7 22. d5 Qe7 23. Bxe8 Qxe8 24. d6 Rc5 25. d7 Qb8 26. Rxf7 Rd8 27. Qf2 1-0

[Event "8ème Open Maubuée Gondoire Echecs"]
[Site "Centre Social et Culturel Geor"]
[Date "2008.03.07"]
[Round "2.8"]
[White "Bodin-Hullin, Thomas"]
[Black "Thellier, Francis"]
[Result "0-1"]
[WhiteElo "1843"]
[BlackElo "2098"]
[PlyCount "78"]

1. d4 Nf6 2. Nf3 g6 3. c4 Bg7 4. Nc3 O-O 5. e4 d6 6. Be2 c5 7. d5 e6 8. O-O
exd5 9. cxd5 Re8 10. Qc2 Bg4 11. h3 Bxf3 12. Bxf3 Na6 13. Bf4 Nc7 14. a4 a6 15.
Qb3 b5 16. axb5 Rb8 17. b6 Nb5 18. Nxb5 Rxb6 19. Qc2 axb5 20. Rfe1 Nd7 21. Be2
Bd4 22. Bf1 Qf6 23. Bc1 c4 24. Rb1 Nc5 25. Be3 Rxe4 26. Bxd4 Qxd4 27. Rbd1 Qe5
28. Rxe4 Qxe4 29. Qxe4 Nxe4 30. f3 Nc5 31. Kf2 Ra6 32. Rd2 Ra2 33. Ke3 Na4 34.
b3 Ra3 35. Kd4 Rxb3 36. Ra2 Nc5 37. Rd2 Rb1 38. Rf2 Rd1+ 39. Kc3 Rxd5 0-1

[Event "8ème Open Maubuée Gondoire Echecs"]
[Site "Centre Social et Culturel Geor"]
[Date "2008.03.07"]
[Round "2.3"]
[White "Sainte-Marie, Laurent"]
[Black "Rrhioua, Tarik"]
[Result "0-1"]
[WhiteElo "1974"]
[BlackElo "2290"]
[PlyCount "90"]

1. Nf3 Nf6 2. c4 g6 3. b4 a5 4. b5 Bg7 5. Bb2 O-O 6. a4 d6 7. e3 Nbd7 8. Be2 e5
9. d4 Ne4 10. O-O f5 11. dxe5 Nxe5 12. Qd5+ Nf7 13. Bxg7 Kxg7 14. Nbd2 Nc5 15.
Nd4 Ne5 16. f4 Ned7 17. N4b3 Re8 18. Qd4+ Qf6 19. Bf3 Re7 20. Rfe1 Ne6 21.
Qxf6+ Kxf6 22. Nd4 Ndc5 23. N2b3 Nxd4 24. Nxd4 Be6 25. Rec1 g5 26. Ra3 g4 27.
Nxe6 Kxe6 28. Bd5+ Kd7 29. g3 h5 30. Kf2 h4 31. Bg2 Rh8 32. Rh1 hxg3+ 33. hxg3
Rxh1 34. Bxh1 Rh7 35. Kg1 Rh3 36. Bg2 Rh8 37. Kf2 c6 38. Kg1 Kc7 39. Ra2 Re8
40. Ra3 Kb6 41. Ra2 Rxe3 42. bxc6 bxc6 43. Rb2+ Kc7 44. Kf2 Re7 45. Ra2 Ne4+
0-1

[Event "8ème Open Maubuée Gondoire Echecs"]
[Site "Centre Social et Culturel Geor"]
[Date "2008.03.08"]
[Round "3.1"]
[White "Nguyen, Thanh-Tong"]
[Black "Kirszenberg, Marc"]
[Result "1/2-1/2"]
[WhiteElo "2343"]
[BlackElo "2216"]
[PlyCount "74"]

1. d4 d5 2. Nf3 Nf6 3. c4 c6 4. Qc2 g6 5. Nc3 Bg7 6. cxd5 cxd5 7. Bf4 Nc6 8. e3
O-O 9. Be2 Bf5 10. Qb3 Na5 11. Qb4 Qb6 12. Qxb6 axb6 13. O-O Nc4 14. Nxd5 Nxd5
15. Bxc4 Nxf4 16. exf4 Rfd8 17. Ne5 Rxd4 18. Bxf7+ Kf8 19. Bb3 Rxf4 20. Rfe1
Rd4 21. f3 b5 22. Re2 Rad8 23. Rae1 Rd2 24. g4 Rxe2 25. Rxe2 Bd3 26. Nxd3 Rxd3
27. Rc2 Bd4+ 28. Kg2 b6 29. Rc8+ Kg7 30. f4 h6 31. Rd8 Rd2+ 32. Kf3 Rf2+ 33.
Ke4 Bc5 34. h4 Re2+ 35. Kf3 Re3+ 36. Kg2 Re2+ 37. Kg3 Re3+ 1/2-1/2

[Event "8ème Open Maubuée Gondoire Echecs"]
[Site "Centre Social et Culturel Geor"]
[Date "2008.03.08"]
[Round "3.2"]
[White "Rrhioua, Tarik"]
[Black "Toulzac, Pierre-Yves"]
[Result "1-0"]
[WhiteElo "2290"]
[BlackElo "2309"]
[PlyCount "87"]

1. Nf3 Nf6 2. g3 g6 3. Bg2 Bg7 4. O-O O-O 5. c4 d6 6. Nc3 e5 7. d3 h6 8. Rb1
Nc6 9. b4 Rb8 10. b5 Nd4 11. Nd2 b6 12. Nde4 Nxe4 13. Bxe4 f5 14. Bd5+ Kh7 15.
a4 f4 16. e3 Ne6 17. Na2 Ng5 18. exf4 exf4 19. Nb4 fxg3 20. hxg3 Qf6 21. f4 Nf7
22. Bb2 Qf5 23. Nc6 Bxb2 24. Rxb2 Qf6 25. Rh2 Ra8 26. Ne5 dxe5 27. Bxa8 Bf5 28.
Bd5 exf4 29. Rxf4 Qg5 30. Qe1 Nd6 31. Re2 h5 32. Re7+ Kh6 33. Qe3 Re8 34. Rxe8
Nxe8 35. Rf3 Nf6 36. Qxg5+ Kxg5 37. Re3 Kg4 38. Kg2 Nh7 39. Bf3+ Kg5 40. Re7
Nf6 41. d4 Bc2 42. Rxc7 Bxa4 43. Rxa7 Bb3 44. c5 1-0

[Event "8ème Open Maubuée Gondoire Echecs"]
[Site "Centre Social et Culturel Geor"]
[Date "2008.03.08"]
[Round "3.3"]
[White "Silva, Francis"]
[Black "You, Raymond"]
[Result "0-1"]
[WhiteElo "1973"]
[BlackElo "2130"]
[PlyCount "78"]

1. d4 d5 2. c4 e6 3. Nc3 Nf6 4. Nf3 Bb4 5. Qc2 c5 6. cxd5 Qxd5 7. e3 Nc6 8. Bd2
Bxc3 9. Bxc3 c4 10. a4 Bd7 11. Bd2 Na5 12. Bb4 Rc8 13. Be2 Nb3 14. Ra3 a6 15.
O-O b5 16. Ne5 Qb7 17. Bf3 Nd5 18. Qe4 Qc7 19. Nxd7 Qxd7 20. Bc5 Nd2 21. Qg4 f5
22. Qg5 Nxf1 23. Kxf1 b4 24. Ra1 Rxc5 25. dxc5 O-O 26. Be2 c3 27. bxc3 Nxc3 28.
Qf4 a5 29. Qc4 Rc8 30. Bf3 Kf7 31. c6 Qd6 32. Qa6 Qc7 33. Rc1 Rb8 34. Bd1 Qxh2
35. Qa7+ Kg6 36. f3 Rd8 37. Qe7 Qh1+ 38. Kf2 Rd2+ 39. Kg3 Rxg2+ 0-1

[Event "8ème Open Maubuée Gondoire Echecs"]
[Site "Centre Social et Culturel Geor"]
[Date "2008.03.08"]
[Round "3.4"]
[White "Colson, Arnaud"]
[Black "Clarac, Jean-Marie"]
[Result "1/2-1/2"]
[WhiteElo "2142"]
[BlackElo "2159"]
[PlyCount "116"]

1. d4 Nf6 2. c4 g6 3. Nc3 Bg7 4. e4 d6 5. Nf3 O-O 6. Be2 Na6 7. O-O e5 8. dxe5
dxe5 9. Qxd8 Rxd8 10. Bg5 h6 11. Bh4 c6 12. Nxe5 Re8 13. f4 Nc5 14. Bf3 g5 15.
fxg5 hxg5 16. Bg3 g4 17. Bd1 Ncxe4 18. Nxe4 Nxe4 19. Nxg4 Nxg3 20. hxg3 Bd4+
21. Nf2 Bf5 22. Bf3 Bxb2 23. Rad1 Rad8 24. Rfe1 Rxe1+ 25. Rxe1 Rd2 26. Ne4 Bd4+
27. Kh2 Rxa2 28. Nd6 Be6 29. Nxb7 c5 30. Bd5 Ra6 31. Bxe6 Rxe6 32. Rxe6 fxe6
33. Kh3 e5 34. Kg4 e4 35. Kf4 e3 36. Kf3 Kg7 37. Na5 a6 38. g4 Bc3 39. Nb3 Bb4
40. Kxe3 Kg6 41. Ke4 a5 42. Kd5 a4 43. Nc1 Kg5 44. Kc6 Kxg4 45. Kb5 a3 46. Ka4
Kg3 47. Kb3 Bd2 48. Nd3 Be3 49. Kxa3 Kxg2 50. Ka4 Kf3 51. Kb5 Ke4 52. Nxc5+ Ke5
53. Nb7 Ke6 54. Kc6 Bg1 55. Nc5+ Ke5 56. Nd7+ Ke6 57. Nf8+ Ke7 58. Ng6+ Kd8
1/2-1/2

[Event "8ème Open Maubuée Gondoire Echecs"]
[Site "Centre Social et Culturel Geor"]
[Date "2008.03.08"]
[Round "3.5"]
[White "Thellier, Francis"]
[Black "Sainte-Marie, Laurent"]
[Result "1-0"]
[WhiteElo "2098"]
[BlackElo "1974"]
[PlyCount "51"]

1. e4 d5 2. exd5 Nf6 3. d4 Bg4 4. Be2 Bxe2 5. Qxe2 Qxd5 6. Nf3 e6 7. O-O Bd6 8.
c4 Qh5 9. h3 Nc6 10. c5 Be7 11. b4 O-O-O 12. Be3 Nxb4 13. Nc3 Nfd5 14. Nxd5
Qxd5 15. Rab1 Qxa2 16. Qb5 a5 17. Ra1 Qd5 18. Rxa5 Na6 19. Rb1 f6 20. Rxa6 bxa6
21. Qa4 Qa8 22. Nd2 Rd5 23. Nc4 Kd8 24. Na5 Rf8 25. Nb7+ Kc8 26. Qc6 1-0

[Event "8ème Open Maubuée Gondoire Echecs"]
[Site "Centre Social et Culturel Geor"]
[Date "2008.03.08"]
[Round "3.6"]
[White "Baudry, Richard"]
[Black "Cochet, Caroline"]
[Result "0-1"]
[WhiteElo "1950"]
[BlackElo "2066"]
[PlyCount "38"]

1. e4 c5 2. Nf3 Nc6 3. d4 cxd4 4. Nxd4 g6 5. c4 Nf6 6. Nc3 d6 7. Be2 Bg7 8. Nc2
O-O 9. O-O a5 10. Bd2 Nd7 11. Na3 Nc5 12. Nab5 Nd4 13. Nxd4 Bxd4 14. Bh6 Bg7
15. Bxg7 Kxg7 16. Bg4 f5 17. exf5 gxf5 18. Bf3 e5 19. Bd5 Be6 {
Les blancs tombent.} 0-1

[Event "8ème Open Maubuée Gondoire Echecs"]
[Site "Centre Social et Culturel Geor"]
[Date "2008.03.08"]
[Round "3.7"]
[White "Dourerassou, Cynthia"]
[Black "Amarger, Vincent"]
[Result "1/2-1/2"]
[WhiteElo "1901"]
[BlackElo "2049"]
[PlyCount "94"]

1. e4 e5 2. Nf3 d6 3. d4 Nd7 4. Bc4 c6 5. O-O Be7 6. Nc3 Ngf6 7. Qe2 O-O 8. Rd1
b5 9. dxe5 dxe5 10. Nxe5 bxc4 11. Nxc6 Qe8 12. e5 Nxe5 13. Nxe5 Bb4 14. h3 Bb7
15. Bf4 Bxc3 16. bxc3 Rc8 17. Rd4 Nd5 18. Qg4 f6 19. Bh6 Qe7 20. Nf3 Nxc3 21.
Rd7 Bxf3 22. gxf3 f5 23. Qxg7+ Qxg7+ 24. Rxg7+ Kh8 25. Rxa7 Rg8+ 26. Kf1 Rg6
27. Bf4 Re8 28. Rc7 h5 29. Rxc4 Ne2 30. Bh2 f4 31. a4 Rd6 32. Bxf4 Nxf4 33.
Rxf4 Rd2 34. Re4 Rf8 35. Re2 Rd4 36. Re3 Rh4 37. Kg2 Rg8+ 38. Kh2 Rc4 39. c3
Rc5 40. a5 Rcg5 41. a6 Rg2+ 42. Kh1 Rxf2 43. a7 Ra8 44. Ra5 Kg7 45. c4 Kf6 46.
Rb3 Rg8 47. Ra1 Rgg2 1/2-1/2

[Event "8ème Open Maubuée Gondoire Echecs"]
[Site "Centre Social et Culturel Geor"]
[Date "2008.03.08"]
[Round "3.8"]
[White "Saliou, Jean-Yves"]
[Black "Mirimanian, Haik"]
[Result "1-0"]
[WhiteElo "1990"]
[BlackElo "1841"]
[PlyCount "71"]

1. f4 d5 2. Nf3 c5 3. e3 g6 4. Bb5+ Bd7 5. Bxd7+ Nxd7 6. O-O Bg7 7. Nc3 Ngf6 8.
d3 Qc7 9. Qe1 O-O 10. e4 d4 11. Ne2 Ne8 12. Qh4 Nd6 13. Qxe7 Bf6 14. Qxf8+ Rxf8
15. e5 Nf5 16. exf6 Re8 17. Ng3 Nxg3 18. hxg3 Nxf6 19. Ne5 Nd5 20. Re1 Nb4 21.
Nf3 Rxe1+ 22. Nxe1 c4 23. Bd2 Qb6 24. dxc4 d3+ 25. Kh2 Nxc2 26. Rb1 Nxe1 27.
Bxe1 Qe3 28. Bc3 Kf8 29. a3 Qe2 30. Bb4+ Kg8 31. Re1 Qxb2 32. g4 h5 33. Re8+
Kh7 34. Rd8 Qe2 35. Bc3 g5 36. Rh8+ 1-0

[Event "8ème Open Maubuée Gondoire Echecs"]
[Site "Centre Social et Culturel Geor"]
[Date "2008.03.08"]
[Round "4.1"]
[White "Vieusses, Thierry"]
[Black "Rrhioua, Tarik"]
[Result "0-1"]
[WhiteElo "1499"]
[BlackElo "2290"]
[PlyCount "46"]

1. e4 e6 2. Nf3 d5 3. e5 c5 4. d4 Ne7 5. c3 Nec6 6. Be2 Nd7 7. O-O f6 8. exf6
Nxf6 9. Bg5 Bd6 10. Bb5 O-O 11. Bxc6 bxc6 12. Ne5 Qc7 13. f4 Rb8 14. b3 Ba6 15.
Rf3 cxd4 16. cxd4 c5 17. Nd2 cxd4 18. Rc1 Qb7 19. Qe1 Ba3 20. Nc6 Bxc1 21.
Qxe6+ Qf7 22. Qxf7+ Kxf7 23. Nxb8 Rxb8 0-1

[Event "8ème Open Maubuée Gondoire Echecs"]
[Site "Centre Social et Culturel Geor"]
[Date "2008.03.08"]
[Round "4.2"]
[White "You, Raymond"]
[Black "Nguyen, Thanh-Tong"]
[Result "0-1"]
[WhiteElo "2130"]
[BlackElo "2343"]
[PlyCount "84"]

1. d4 Nf6 2. Nf3 g6 3. c4 Bg7 4. Nc3 O-O 5. Bg5 d6 6. Qd2 Nbd7 7. Bh6 Bxh6 8.
Qxh6 c5 9. d5 Qa5 10. Qd2 a6 11. e3 b5 12. cxb5 axb5 13. Nxb5 Qxd2+ 14. Kxd2
Nxd5 15. Be2 N7f6 16. Rhc1 Bd7 17. a4 Rfb8 18. b3 Nb4 19. Bd3 Nxd3 20. Kxd3
Bxb5+ 21. axb5 Rxa1 22. Rxa1 Rxb5 23. Nd2 Rb7 24. f3 Nd5 25. Ra3 f5 26. g3 Kf7
27. Ra1 Kf6 28. Ra8 h6 29. Rh8 Nb4+ 30. Ke2 Ra7 31. Rc8 Ra2 32. Rc7 Rc2 33. Ra7
Rc3 34. g4 Nd5 35. e4 Nf4+ 36. Kf2 Rd3 37. Ra2 fxg4 38. fxg4 g5 39. Rc2 Ne6 40.
Rb2 Nd4 41. b4 cxb4 42. Rxb4 Rxd2+ 0-1

[Event "8ème Open Maubuée Gondoire Echecs"]
[Site "Centre Social et Culturel Geor"]
[Date "2008.03.08"]
[Round "4.3"]
[White "Kirszenberg, Marc"]
[Black "Toulzac, Pierre-Yves"]
[Result "1-0"]
[WhiteElo "2216"]
[BlackElo "2309"]
[PlyCount "39"]

1. d4 c5 2. d5 e6 3. c4 exd5 4. cxd5 d6 5. Nc3 g6 6. e4 Bg7 7. f4 Nf6 8. e5 Ng4
9. Bb5+ Kf8 10. e6 Nh6 11. Nf3 fxe6 12. O-O exd5 13. Qxd5 a6 14. f5 axb5 15.
fxg6 hxg6 16. Bxh6 Bf5 17. Ng5 Qf6 18. Ne6+ Qxe6 19. Qxe6 Rxh6 20. Qc8+ 1-0

[Event "8ème Open Maubuée Gondoire Echecs"]
[Site "Centre Social et Culturel Geor"]
[Date "2008.03.08"]
[Round "4.4"]
[White "Clarac, Jean-Marie"]
[Black "Saliou, Jean-Yves"]
[Result "1/2-1/2"]
[WhiteElo "2159"]
[BlackElo "1990"]
[PlyCount "70"]

1. c4 g6 2. g3 Bg7 3. Bg2 c6 4. Nc3 Nf6 5. d4 d5 6. cxd5 cxd5 7. Nh3 O-O 8. Nf4
e6 9. O-O Nc6 10. e3 b6 11. h4 Ba6 12. Re1 Rc8 13. Qa4 Nb8 14. Bd2 Rc7 15. Rec1
Qd7 16. Qd1 Rfc8 17. g4 Nc6 18. g5 Ne8 19. Qa4 Nb8 20. Qxd7 Nxd7 21. Bh3 Nd6
22. b3 Nf5 23. Bxf5 gxf5 24. Nce2 h6 25. g6 fxg6 26. Nxe6 Rc2 27. N2f4 Kf7 28.
Nxg7 Kxg7 29. Nxd5 Bb7 30. Nb4 Rxd2 31. Rxc8 Bxc8 32. Rc1 Bb7 33. Rc7 Rd1+ 34.
Kh2 Rh1+ 35. Kg3 Rg1+ 1/2-1/2